Victimologa̕ en Amřica Latina Enfoque psicojurd̕ico /

Detalles Bibliográficos
Autor principal: Tapias, ℓngela
Formato: eBook
Lenguaje:español
Publicado: Bogot:̀ Ediciones de la U, 2015
Materias:
Acceso en línea:Acceso restringido

MARC

LEADER 00000nam a22000007a 4500
005 20220920233821.0
007 cr|||| ||||
008 220920s2015 co |||||s|||| 00||0 spa d
020 |a 978-958-762-557-8 
035 |a 37239 
040 |a vLex 
090 |c 13994  |d 13994 
100 1 |a Tapias, ℓngela 
245 1 0 |a Victimologa̕ en Amřica Latina  |h [Recurso electrn̤ico] :  |b Enfoque psicojurd̕ico /  |c ℓngela Tapias 
256 |a Servicio en ln̕ea 
260 |a Bogot:̀  |b Ediciones de la U,  |c 2015 
300 |a 1 recurso electrn̤ico 
506 1 |a Disponible solo en los productos indicados  |d vLex Global  |d vLex Global (Academic Edition, excluding Law Schools)  |d vLex Global (U.S. Academic Edition, Law Schools)  |d vLex Global (U.S. Academic Edition, excluding Law Schools)  |d vLex Global (Academic Edition, Law Schools) 
650 0 4 |a Ciencias sociales  |z Colombia 
740 0 |a vLex Libros (Servicio en ln̕ea) 
856 4 0 |u https://app.vlex.com/#/sources/37239  |z Acceso restringido 
942 |c BOOK 
999 0 |a Social Sciences